Central Library OPAC University of Rajshahi

Geomorphology : (Record no. 10886)

MARC details
000 -LEADER
fixed length control field 00960cam a22003011 4500
001 - CONTROL NUMBER
control field 10886
003 - CONTROL NUMBER IDENTIFIER
rucl marc code BD-RjUL
005 - DATE AND TIME OF LATEST TRANSACTION
control field 20211208235032.0
008 - FIXED-LENGTH DATA ELEMENTS--GENERAL INFORMATION
fixed length control field 140125s1939 nyua b 001 0 eng
035 ## - SYSTEM CONTROL NUMBER
System control number (BD-RjUL)10935
System control number (OCoLC)249956
040 ## - CATALOGING SOURCE
Original cataloging agency DLC
Transcribing agency OYU
Modifying agency OCoLC
-- FTaSU
-- DLC
-- BD-RjUL
Language of cataloging eng
041 ## - LANGUAGE CODE
Language code of text/sound track or separate title eng
082 ## - DEWEY DECIMAL CLASSIFICATION NUMBER
Classification number 551
Author mark and year LOG 1939
Edition number 23
100 1# - MAIN ENTRY--PERSONAL NAME
Personal name Lobeck, A. K.
Fuller form of name (Armin Kohl),
Dates associated with a name 1886-1958.
9 (RLIN) 33652
245 10 - TITLE STATEMENT
Title Geomorphology :
Remainder of title an introduction to the study of landscapes /
Statement of responsibility, etc. by A.K. Lobeck...
250 ## - EDITION STATEMENT
Edition statement 1st ed.
260 ## - PUBLICATION, DISTRIBUTION, ETC. (IMPRINT)
Place of publication, distribution, etc. New York ;
-- London :
Name of publisher, distributor, etc. McGraw-Hill Book Company, inc.,
Date of publication, distribution, etc. 1939.
300 ## - PHYSICAL DESCRIPTION
Pagination xii, 731 p. :
Size 25 cm.
Illustrations , illus., diagrs. ;
500 ## - GENERAL NOTE
General note Includes index.
504 ## - BIBLIOGRAPHY, ETC. NOTE
Bibliography, etc Bibliography at end of each chapter.
650 #0 - SUBJECT ADDED ENTRY--TOPICAL TERM
Topical term or geographic name as entry element Geology, Structural.
9 (RLIN) 32772
Topical term or geographic name as entry element Physical geography.
9 (RLIN) 33653
Topical term or geographic name as entry element Landscapes.
9 (RLIN) 33654
942 ## - ADDED ENTRY ELEMENTS (KOHA)
Source of classification or shelving scheme Dewey Decimal Classification
Koha item type Books
Holdings
Lost status Source of classification or shelving scheme Damaged status Not for loan Collection code Permanent Location Current Location Shelving location Date acquired Source of acquisition Cost, normal purchase price Total Checkouts Full call number Date last seen Date checked out Copy number Koha item type
  Dewey Decimal Classification     Non-fiction Central Library, University of Rajshahi Central Library, University of Rajshahi   05/12/1973 U.S. Govt. 0.00 1 551.4 LOG 1939 01/09/2022 21/08/2022 C-3 Books
  Dewey Decimal Classification     Non-fiction Central Library, University of Rajshahi Central Library, University of Rajshahi   05/12/1973 U.S. Govt.     551.4 LOG 1939 26/01/2014   C-9 Books
  Dewey Decimal Classification   Not For Loan Non-fiction Central Library, University of Rajshahi Central Library, University of Rajshahi Reading Room 05/12/1973 U.S.Govt.     551.4 LOG 1939 17/05/2017   C-1 Books
  Dewey Decimal Classification     Non-fiction Central Library, University of Rajshahi Central Library, University of Rajshahi   05/12/1973 U. S. Govt.     551.4 LOG 1939 07/01/2019   C-2 Books
  Dewey Decimal Classification     Non-fiction Central Library, University of Rajshahi Central Library, University of Rajshahi   16/06/1960 Mirza book agency 47.80   551 LOG 1939 31/01/2019   C-4 Books